000 00716cam a22002292 4500
001 0000000110
005 20151217151744.0
008 070110s xx 000 0 eng d
020 _a0310704510 :
_cKES 1,703
040 _aKABU
_cKABU
100 1 _aPassantino, Bob.
_@0000148118
245 1 0 _aSatanism /
_cBob and Gretchen Passantino.
260 _aGrand Rapids, Michigan :
_bZondervan,
_c1995.
300 _a96 p.
650 0 _aSatanism.
_@0000148119
700 1 _aPassantino, Gretchen.
_@0000148120
908 _a070110
950 _@1
999 _c4735
_d4735